| Tag |
First Indicator |
Second Indicator |
Subfields |
| LEADER |
00000cam a2200000 a 4500 |
| 001 |
in00000410021 |
| 005 |
20151012051235.0 |
| 008 |
850325s1984 enkb 00110 eng d |
| 010 |
|
|
|a gb 83042660
|
| 015 |
|
|
|a GB83-42660
|
| 020 |
|
|
|a 0714632465 :
|c No price
|
| 035 |
|
|
|a (OCoLC)11544330
|
| 035 |
|
|
|9 ABT4479AM
|
| 040 |
|
|
|a UKM
|c UKM
|d TXA
|d UtOrBLW
|
| 043 |
|
|
|a e-uk---
|
| 049 |
|
|
|a TXAM
|c [A08629229]
|
| 050 |
1 |
0 |
|a DS63.2.G7
|a DS33.4.G7
|
| 082 |
0 |
|
|a 327.41056
|a 327/.0956
|2 19
|
| 090 |
|
|
|a DS63.2.G7
|b I56 1984
|
| 100 |
1 |
|
|a Ingram, Edward.
|
| 245 |
1 |
0 |
|a In defence of British India :
|b Great Britain in the Middle East, 1775-1842 /
|c Edward Ingram.
|
| 264 |
|
1 |
|a London :
|b Cass,
|c 1984.
|
| 300 |
|
|
|a xviii, 236 pages :
|b maps ;
|c 23 cm.
|
| 336 |
|
|
|a text
|b txt
|2 rdacontent
|
| 337 |
|
|
|a unmediated
|b n
|2 rdamedia
|
| 338 |
|
|
|a volume
|b nc
|2 rdacarrier
|
| 500 |
|
|
|a Includes index.
|
| 504 |
|
|
|a Bibliography: pages 218-231.
|
| 651 |
|
0 |
|a Great Britain
|x Foreign relations
|z Middle East.
|
| 651 |
|
0 |
|a Middle East
|x Foreign relations
|z Great Britain.
|
| 651 |
|
0 |
|a Great Britain
|x Foreign relations
|y 1760-1820.
|
| 651 |
|
0 |
|a Great Britain
|x Foreign relations
|y 19th century.
|
| 653 |
|
|
|a Great Britain
|a Foreign relations with Middle East, 1775-1842
|
| 653 |
|
|
|a Middle East
|a Foreign relations with Great Britain, 1775-1842
|
| 886 |
2 |
|
|2 UK MARC
|a 690
|b 00
|z 11030
|d Great Britain
|z 21030
|a foreign relations
|d 1775-1842
|v with
|z 30030
|d Middle East
|
| 886 |
2 |
|
|2 UK MARC
|a 690
|b 00
|z 11030
|d Middle East
|z 21030
|a foreign relations
|d 1775-1842
|v with
|z 30030
|d Great Britain
|
| 886 |
2 |
|
|2 UK MARC
|a 691
|b 00
|a 3251640
|
| 886 |
2 |
|
|2 UK MARC
|a 691
|b 00
|a 3251659
|
| 886 |
2 |
|
|2 UK MARC
|a 692
|b 00
|a 000037x
|
| 886 |
2 |
|
|2 UK MARC
|a 692
|b 00
|a 0010685
|
| 886 |
2 |
|
|2 UK MARC
|a 692
|b 01
|a 0018562
|
| 886 |
2 |
|
|2 UK MARC
|a 692
|b 01
|a 0010685
|
| 886 |
2 |
|
|2 UK MARC
|a 900
|b 20
|a Ingram Ellis
|h Edward Roger
|x See
|a Ingram, Edward,
|x 1940-
|z 100
|
| 886 |
2 |
|
|2 UK MARC
|a 900
|b 10
|a Ellis
|h Edward Roger Ingram
|x See
|a Ingram, Edward,
|x 1940-
|z 100
|
| 999 |
|
|
|a MARS
|
| 999 |
f |
f |
|s 825c6890-f023-3d9a-8fd0-6c293943ff55
|i 85bd13fa-011c-3c22-9a6a-d05f042afbb4
|t 0
|
| 952 |
f |
f |
|p normal
|a Texas A&M University
|b College Station
|c Sterling C. Evans Library
|d Evans: Library Stacks
|t 0
|e DS63.2.G7 I56 1984
|h Library of Congress classification
|i unmediated -- volume
|m A14808629229
|
| 998 |
f |
f |
|a DS63.2.G7 I56 1984
|t 0
|l Evans: Library Stacks
|